| 000 | 00354 a2200157 4500 | ||
|---|---|---|---|
| 001 | 59900 | ||
| 020 | _a9783789140242 | ||
| 040 | _cAnchieta - Pituba | ||
| 100 | _aKerr, P. B. | ||
| 240 | 1 | 0 |
_aDie kinder des dschinn _lpor |
| 245 | 1 | 0 | _aDie kinder des dschinn |
| 300 | _a377 | ||
| 362 | 0 | _a2005 | |
| 650 | 4 | _aLiteratura juvenil em alemão | |
| 942 | _cBK | ||
| 999 |
_c59900 _d59900 |
||